Hướng dẫn sử dụng Photoshop Album bằng hình

Zapisane w:
Opis bibliograficzny
1. autor: Hoàng Phương
Format: Książka
Język:Undetermined
Wydane: Hà Nội Thống Kê 2003
Hasła przedmiotowe:
Etykiety: Dodaj etykietę
Nie ma etykietki, Dołącz pierwszą etykiete!
Thư viện lưu trữ: Trung tâm Học liệu Trường Đại học Cần Thơ
LEADER 00583nam a2200193Ia 4500
001 CTU_56738
008 210402s9999 xx 000 0 und d
020 |b 47000 
082 |a 006.68 
082 |b H407 
100 |a Hoàng Phương 
245 0 |a Hướng dẫn sử dụng Photoshop Album bằng hình 
245 0 |c Hoàng Phương 
260 |a Hà Nội 
260 |b Thống Kê 
260 |c 2003 
650 |a photoshop ( computer programs ),computer graphics 
650 |x computer programs 
980 |a Trung tâm Học liệu Trường Đại học Cần Thơ